LDR 00937naa#a2200169#i#450# 001 RU\\bibl\122423 005 20260604141529.4 011 ## _a1998-6785 100 ## _a20231221b2023####ek#y0rusy0150####ca 102 ## _aRU 200 1# _aСаэки Юдзо: творчество в историко-культурном контексте _eЖурнальная статья 210 1# _aВладивосток _cФедеральное государственное бюджетное образовательное учреждение высшего образования "Владивостокский государственный университет" _d2023 215 ## _a13 с. 608 ## _aЖурнальная статья _2local 675 ## _aЭкспрессонистические направления. Экспрессионизм. 7.036.7 _z 700 #1 _aАхмыловская _gЛариса Алексеевна 856 4# _aojkum.editorum.ru _u